00383nam a22001457a 450000500170000000800410001702000180005804100080007608200090008410000590009324500160015226000460016830000080021465000150022220160503115445.0160503b xxu||||| |||| 00| 0 eng d a81-203-2101-4 aeng b1195 aSharpe F. William Alaxander J horden Bailey V. Jeffery aInvestment. aNew DelhibPrentice hall of India, c1999 a961 aManagement